Women, political empowerment and decision making: (Record no. 2007)

MARC details
000 -LEADER
fixed length control field 004830000a22001450004500
005 - DATE AND TIME OF LATEST TRANSACTION
control field 20240624183934.0
008 - FIXED-LENGTH DATA ELEMENTS--GENERAL INFORMATION
fixed length control field 230817t ||||| |||| 00| 0 eng d
082 ## - DEWEY DECIMAL CLASSIFICATION NUMBER
Classification number 305.42
Item number WOM
942 ## - ADDED ENTRY ELEMENTS (KOHA)
Item Type Reports
245 ## - TITLE STATEMENT
Title Women, political empowerment and decision making:
Sub Title report of a workshop held on 17th February, 1995
260 ## - PUBLICATION, DISTRIBUTION, ETC. (IMPRINT)
Place of Publication Colombo:
Name of Publisher CENWOR (Centre for Women's Research Sri Lanka),
Date of Copyright 1995
300 ## - PHYSICAL DESCRIPTION
Extent 27 p.
440 ## - SERIES STATEMENT/ADDED ENTRY--TITLE
Title Document series
Volume No.55
650 ## - SUBJECT ADDED ENTRY--TOPICAL TERM
Topical Term WOMEN IN POLITICS-Sri Lanka
Holdings
Withdrawn status Lost status Source of classification or shelving scheme Damaged status Not for loan Permanent location Current location Date acquired Total Checkouts Full call number Barcode Date last seen Price effective from Koha item type
    Dewey Decimal Classification     Resource center, Muslim Women's Research And Action Forum Resource center, Muslim Women's Research And Action Forum 2023-08-17   305.42 WOM RAF4380 2023-08-17 2023-08-17 Reports

Copyright © 2023 Muslim Women's Research and Action Forum (MWRAF), No 27/3, Anderson Road, Kalubowila, Dehiwela. Funded by The Asia Fundation